00461nam a2200157Ia 45000010006000000050017000060080041000230410008000640820020000721000042000922450116001342600009002503000028002596500008002876540008002952035820260306172800.0260306t2004||||xx |||||||||||||| ||spa|| aESP a343.2bM22 T. 2 aManrique Salinas, José AntonioeAUT 0aSumillas de las sentencias de habeas corpus expedidas por el tribunal constitucional del Perú y publicadas en c2004 a158 páginas :c20 cm. aGEN aCDE